Porto all time starting xi - Statistics

General Stats
  • This quiz has been taken 31 times
  • The average score is 4 of 11
Answer Stats
Hint Answer % Correct
MF(Portugal Deco
86%
GK(Portugal Vitor Baia
82%
DF(Portugal Jorge Costa
68%
FW(Brazil Mário Jardel
43%
FW(Portugal Fernando Gomes
39%
DF(Portugal João Pinto
29%
DF(Brazil Aloísio
18%
MF(Portugal Paulo Futre
18%
MF(Portugal António André
7%
FW(Portugal Jaime
4%
DF(Portugal Augusto Inácio
0%
No matching quizzes found
Score Distribution
Percent of People with Each Score
Percentile by Number Answered
Your Score History
You have not taken this quiz